Bus transit accessibility for the handicapped in urban areas / (Record no. 529434)

000 -LEADER
fixed length control field 01246cam a2200325 a 4500
001 - CONTROL NUMBER
control field 4681408
003 - CONTROL NUMBER IDENTIFIER
control field NUST
005 - DATE AND TIME OF LATEST TRANSACTION
control field 20190926105338.0
008 - FIXED-LENGTH DATA ELEMENTS--GENERAL INFORMATION
fixed length control field 820616s1981 dcua b 000 0 eng
010 ## - LIBRARY OF CONGRESS CONTROL NUMBER
LC control number 81084902
020 ## - INTERNATIONAL STANDARD BOOK NUMBER
International Standard Book Number 0309032725 (pbk.) :
Terms of availability $7.60
038 ## - RECORD CONTENT LICENSOR
Staff Name MSOHAIL
040 ## - CATALOGING SOURCE
Original cataloging agency DLC
Transcribing agency DLC
Modifying agency DLC
043 ## - GEOGRAPHIC AREA CODE
Geographic area code n-us---
050 00 - LIBRARY OF CONGRESS CALL NUMBER
Classification number HV3022
Item number .R67 1981
082 00 - DEWEY DECIMAL CLASSIFICATION NUMBER
Classification number 362.40483
Edition number 19
100 1# - MAIN ENTRY--PERSONAL NAME
Personal name Rosenbloom, Sandra.
9 (RLIN) 21480
245 10 - TITLE STATEMENT
Title Bus transit accessibility for the handicapped in urban areas /
Statement of responsibility, etc. Sandra Rosenbloom.
260 ## - PUBLICATION, DISTRIBUTION, ETC.
Place of publication, distribution, etc. Washington, D.C. :
Name of publisher, distributor, etc. Transportation Research Board, National Research Council,
Date of publication, distribution, etc. 1981.
300 ## - PHYSICAL DESCRIPTION
Extent 73 p. :
Other physical details ill. ;
Dimensions 28 cm.
490 1# - SERIES STATEMENT
Series statement National Cooperative Highway Research Program synthesis of highway practice,
International Standard Serial Number 0547-5570 ;
Volume/sequential designation 83
504 ## - BIBLIOGRAPHY, ETC. NOTE
Bibliography, etc. note Includes bibliographical references.
650 #0 - SUBJECT ADDED ENTRY--TOPICAL TERM
Topical term or geographic name entry element People with disabilities
General subdivision Transportation
Geographic subdivision United States.
9 (RLIN) 21242
650 #0 - SUBJECT ADDED ENTRY--TOPICAL TERM
Topical term or geographic name entry element Bus lines
Geographic subdivision United States.
9 (RLIN) 21481
650 #0 - SUBJECT ADDED ENTRY--TOPICAL TERM
Topical term or geographic name entry element Buses
Geographic subdivision United States
General subdivision Design and construction.
9 (RLIN) 21482
710 2# - ADDED ENTRY--CORPORATE NAME
Corporate name or jurisdiction name as entry element National Cooperative Highway Research Program.
9 (RLIN) 20864
830 #0 - SERIES ADDED ENTRY--UNIFORM TITLE
Uniform title Synthesis of highway practice ;
Volume/sequential designation 83.
9 (RLIN) 21483
906 ## - LOCAL DATA ELEMENT F, LDF (RLIN)
a 7
b cbc
c orignew
d 2
e opcn
f 19
g y-gencatlg
942 ## - ADDED ENTRY ELEMENTS (KOHA)
Source of classification or shelving scheme
Koha item type Book
Holdings
Withdrawn status Lost status Source of classification or shelving scheme Damaged status Not for loan Permanent Location Current Location Date acquired Total Checkouts Full call number Barcode Date last seen Price effective from Koha item type
          School of Civil and Environmental Engineering (SCEE) School of Civil and Environmental Engineering (SCEE) 09/26/2019   362.40483 NIT-10896 09/26/2019 09/26/2019 Book
© 2023 Central Library, National University of Sciences and Technology. All Rights Reserved.